|
|
|
|
| LEADER |
00000nab#a22000007a#4500 |
| 001 |
arbauad016991 |
| 003 |
AR-BaUAD |
| 005 |
20250711111534.0 |
| 008 |
960222|||||||||###||||||b###|0###a|spa|| |
| 040 |
|
|
|a AR-BaUAD
|c AR-BaUAD
|b spa
|
| 245 |
1 |
0 |
|a Etoiles et toiles
|b deux musés hollandais
|
| 300 |
0 |
|
|b cortes, fot., implant., plantas
|
| 653 |
|
|
|a PAISES BAJOS
|
| 653 |
|
|
|a MUSEOS
|
| 653 |
|
|
|a ROSSI, ALDO
|
| 653 |
|
|
|a MENDINI, ALESSANDRO
|
| 653 |
|
|
|a MAASTRICHT
|
| 653 |
|
|
|a GRONINGEN
|
| 653 |
|
|
|a MUSEO BONNEFANTEN
|
| 653 |
|
|
|a MUSEO GRONINGER
|
| 653 |
|
|
|a COOP HIMMELBLAU
|
| 653 |
|
|
|a PABELLONES
|
| 653 |
|
|
|a STARCK, PHILIPPE
|
| 773 |
0 |
|
|t L'arch. d'aujourd'hui
|g no. 299 [jun. 1995], p. 48-53
|
| 942 |
|
|
|c ARTI
|
| 952 |
|
|
|0 0
|1 0
|4 0
|7 0
|9 61911
|a AR-BAuAD
|b AR-BAuAD
|d 2025-07-11
|l 0
|p AAQA016991
|r 2025-07-11 11:15:34
|w 2025-07-11
|y ARTI
|
| 990 |
|
|
|a AQ199
|b TD
|
| 998 |
|
|
|a AAQ
|b BIBUN76
|
| 999 |
|
|
|c 41584
|d 41584
|